000 00637nam a22001817a 4500
008 131104b xxu||||| |||| 00| 0 eng d
020 _a9789951635004
041 0 _aalb
080 _a330.34
100 _aShala, Arif
245 1 0 _aShëndrrimi i rritjes ekonomike në zhvillim /
_cShala, Arif.
260 _aPrishtinë :
_bBiblioteka Kombëtare dhe Universitare e Kosovës ;
_c2012
300 _a208 f. :
_bme il. ;
_c21 cm.
500 _aParathënie : f. 5 - 6
505 _aReferencat / Literatura : f. 191 - 200
650 0 _aEkonomia e zhvillimit
942 _2udc
_cBK
999 _c239
_d239